Normal view
MARC view
- Mathisen, Geir.
Entry Personal Name
001 - CONTROL NUMBER
- control field: 54438
003 - CONTROL NUMBER IDENTIFIER
- control field: OSt
005 - DATE AND TIME OF LATEST TRANSACTION
- control field: 20240313085142.0
008 - FIXED-LENGTH DATA ELEMENTS
- fixed length control field: 240313|| aca||aabn | a|a d
040 ## - CATALOGING SOURCE
- Original cataloging agency: OSt
- Transcribing agency: OSt
100 ## - HEADING--PERSONAL NAME
- Personal name: Mathisen, Geir.
- Relator term: author.
670 ## - SOURCE DATA FOUND
- Source citation: Work cat.: (OSt): Espe, Asbjorn Engmark. author. 54436, Magnetic field energy harvesting in railway /, July 2022.
